Obligaciones negociables, bonos y opciones (Registro nro. 6501)
[ vista simple ]
| 000 -LEADER | |
|---|---|
| fixed length control field | 00974 a2200205 4500 |
| 001 - CONTROL NUMBER | |
| control field | 58878 |
| 005 - DATE AND TIME OF LATEST TRANSACTION | |
| control field | 20260407155843.0 |
| 008 - FIXED-LENGTH DATA ELEMENTS--GENERAL INFORMATION | |
| fixed length control field | 260407a1988 arg spa d |
| 003 - CONTROL NUMBER IDENTIFIER | |
| control field | AR-UNSa-BCEJYS |
| 040 ## - CATALOGING SOURCE | |
| Original cataloging agency | AR-UNSa-BCEJYS |
| Language of cataloging | spa |
| Transcribing agency | AR-UNSa-BCEJYS |
| 080 ## - UNIVERSAL DECIMAL CLASSIFICATION NUMBER | |
| Universal Decimal Classification number | 336.74 |
| Common auxiliary subdivision | Moneda. Sistema monetario |
| 020 ## - INTERNATIONAL STANDARD BOOK NUMBER | |
| International Standard Book Number | 950-587-037-X |
| 100 1# - MAIN ENTRY--PERSONAL NAME | |
| Personal name | Apreda, Rodolfo |
| 245 10 - TITLE STATEMENT | |
| Title | Obligaciones negociables, bonos y opciones |
| Name of part/section of a work | un efoque operativo para la capitalización de deuda interna y externa |
| 264 #1 - PRODUCTION, PUBLICATION, DISTRIBUTION, MANUFACTURE, AND COPYRIGHT NOTICE | |
| Place of production, publication, distribution, manufacture | Buenos Aires : |
| Name of producer, publisher, distributor, manufacturer | Club de Estudio |
| Date of production, publication, distribution, manufacture, or copyright notice | 1988 |
| 300 ## - PHYSICAL DESCRIPTION | |
| Extent | 250 p. |
| Dimensions | 22 cm. |
| 505 ## - FORMATTED CONTENTS NOTE | |
| Formatted contents note | 1. La empresa y el sistema financiero – 2. Los canales de financiación – 3. Valuación de instrumentos financieros – 4. Options – 5. Bonos – 6. La ley n° 23.576 – 7. Obligaciones convertibles, abordaje intuitivo – 8. Obligaciones convertibles, abordaje técnico – 9. Capitalización de la deuda externa e interna |
| 590 ## - LOCAL NOTE (RLIN) | |
| Local note | niveau_biblio:m niveau_hierar:0 |
| 942 ## - ADDED ENTRY ELEMENTS (KOHA) | |
| Koha item type | |
| Withdrawn status | Lost status | Damaged status | Not for loan | Home library | Current library | Shelving location | Date acquired | Total checkouts | Full call number | Barcode | Date last seen | Price effective from | Koha item type |
|---|---|---|---|---|---|---|---|---|---|---|---|---|---|
| Biblioteca Prof. Eusebio Cleto del Rey | Biblioteca Prof. Eusebio Cleto del Rey | 07/04/2026 | 336.74 A654o | L45979 | 07/04/2026 | 07/04/2026 | Libro |